| 000 | 00883cab a2200241 4500 | ||
|---|---|---|---|
| 001 | ABS52356 | ||
| 008 | 090401t1995 xxu||||| |||| 00| 0 eng d | ||
| 035 | _a(Sirsi) u74502 | ||
| 041 | _aeng | ||
| 245 | _aFocus `95: Education | ||
| 260 | _c1995 | ||
| 350 | _a0 | ||
| 490 |
_aEstates Gazette _v(9507) 18 February 1995, 105-113(7) |
||
| 520 | _aAnalyses what employers seek in graduates during the `milk round` process, the benefits of MBAs for students and employers alike concluding with a comparison of attitudes toward continuing professonal development (CPD) between the surveying and accountancy professions. | ||
| 650 | _aCONTINUING PROFESSIONAL DEVEOPMENT | ||
| 650 | _aGRADUATES | ||
| 650 | _aMBAS | ||
| 650 | _aPROFESSIONAL EDUCATION | ||
| 650 | _aRICS | ||
| 690 | _aMANAGEMENT-BUSINESS MANAGEMENT-PROFESSIONAL PRACTICE | ||
| 942 | _n0 | ||
| 948 | _c04/03/1997 | ||
| 999 |
_c46979 _d46979 |
||